000 01128nam0a2200289 4500
001 RU\NLR\BIBL_A\022423431
005 20250625230503.0
010 _92000
_a5-709190082-Х
035 _a(NLR Aleph) 022423431
090 _a13339404
_c13339404
100 _a20250109d1996 |||y0rusy50 ca
101 0 _akhk
102 _aRU
105 _aac z 000 y
181 0 _ai
_baxxe
182 0 _an
200 1 _aХакас тiлi
_e2
_eӰс чыллығ пасталығ школаның хакас тiлiн пiлбинчеткен олғаннарға сыныхтағлығ учебник
_fН. Я. Толмачёва
203 _aТекст
_bвизуальный
_cнепосредственный
210 _aАғбан
_cХак. кн. изд-возы
_d1996
215 _a173,[2] с.
_cил., портр.
_d22
541 1 _aХакасский яз
_eПроб. учебн. для 2 кл. трёхлетней нач. шк.
_zrus
686 1 _aШ163.9-921
700 1 _aТолмачева
_bН. Я.
_gНадежда Яковлевна
_4070
852 _aNLR
_bОНЛ
_jХакас./3-558
942 _cBOOK
980 _aNB